00277nam a2200109 a 4500008004100000020001500041050001500056100002000071245003600091260003100127350000900158120416s0000 ||||||||||||||||| || u a0409901016 aTJ 179 Lyo aLyon, Richard H10aMachinery noise and diagnostics aBostonbButterworthsc1986 a0.00